000 00433nam a2200169 i 4500
001 bg
100 1 _aDavidek, Jiři
_d(1932- ).
245 0 _aChemie potravin /
_cJ. Davidek, G. Janicek, J. Pokorny.
260 _aPraha,
_c1983.
700 1 _aJaniček, Gustav
_d(1911-1995).
700 1 _aPokorný, Jan.
040 _cBPK
041 _apol
080 _a641:54(075.8)
942 _cKS
008 s pl f |000 0 pol
999 _c28209
_d28209
856 _uhttp://koha.tu.koszalin.pl/cgi-bin/koha/opac-detail.pl?biblionumber=28209
_yKatalog online BPK